Score 0/30 Timer 05:00
0 Plays Today
Hint Answer % Correct
In 1903, which brothers made the first controlled powered air-flight?Wright (Orville and Wilbur)
96.6%
Eeyore, Piglet and Christopher Robin are friends of which fictional bear?Winnie-the-Pooh
92.5%
Who owns the chocolate factory in Roald Dahl's 'Charlie and the Chocolate Factory'?Wonka (Willy)
91.4%
What is the name of the cowboy voiced by Tom Hanks in the 'Toy Story' films?Woody
89.4%
In an alphabetical list of US states, which comes last?Wyoming
87%
The All England Club hosts which annual Grand Slam tennis tournament?Wimbledon
85.9%
'Humpback', 'Bowhead' and 'Minke' are types of what animal?Whale
84%
Which actor played John McClane in the 'Die Hard' films?Willis (Bruce)
82.9%
What word for a website that can be edited by anyone comes from the Hawaiian word for 'quick'?Wiki
78.7%
What was the family name of brothers Harry, Albert, Sam and Jack who founded a film company in 1918?Warner
77.8%
Which sauce is made with an ingredient also called Japanese Horseradish?Wasabi
77.4%
At what 1815 battle was Napoleon Bonaparte defeated?Waterloo
77.2%
Which Scottish scientist gives his name to the S.I. unit of power?Watt (James)
76.8%
Which actress played Hermione Granger in the 'Harry Potter' films?Watson (Emma)
76.1%
Which animated character is the owner of dog Gromit?Wallace
73.4%
Hint Answer % Correct
Who is the only daughter of Morticia and Gomez Addams in 'The Addams Family'?Wednesday
73.2%
Cathy and Heathcliff are characters in what Emily Brontë novel?Wuthering Heights
71.5%
Who is the protagonist in the AMC show 'Breaking Bad'?White (Walter)
70.6%
What musical, loosely based on 'The Wizard of Oz', features the song 'Defying Gravity'?Wicked
70.4%
Whose 2006 album 'Back to Black' features the songs 'Rehab' and 'Tears Dry On Their Own'?Winehouse (Amy)
68%
'I'll Have What She's Having' is a famous line in what Billy Crystal and Meg Ryan film?When Harry Met Sally
62.4%
Located on its North Island, what is the capital city of New Zealand?Wellington
61.3%
What President was commander in chief when the US got involved in World War I?Wilson (Woodrow)
60.4%
Who won an Academy Award for playing June Carter Cash in the 2005 film 'Walk the Line'?Witherspoon (Reese)
60.3%
'Buddy Holly' and 'Beverly Hills' are hits by which U.S. rock band?Weezer
51%
What Richard Adams novel features the rabbits Hazel, Fiver and Bigwig?Watership Down
46.4%
The Big Red Balls are a feature of which TV game show?Wipeout
45.8%
'Arrangement in Grey and Black No. 1' is the name of a painting of which artist's mother?Whistler (James Abbott McNeill)
44.6%
James Howlett is the real name of which superhero, who shares his name with a member of the weasel family?Wolverine
35.6%
'Hello Boys' was the slogan attached to a series of Eva Herzigová posters advertising what?Wonderbra
14.3%
Remove Ads.
Support Sporcle.
Get the best of Sporcle when you Go Orange. This ad-free experience offers more features, more stats, and more fun while also helping to support Sporcle. Thank you for becoming a member.

You're not logged in!

Compare scores with friends on all Sporcle quizzes.
OR
Log In

Sporcle TV

Today on Sporcle TV


Watch our educational content, quiz creation guides, and fun videos on Sporcle TV.

Show Comments

Extras

Top Quizzes Today


Score Distribution

Paid Content

Your Account Isn't Verified!

In order to create a playlist on Sporcle, you need to verify the email address you used during registration. Go to your Sporcle Settings to finish the process.

Report this User

Report this user for behavior that violates our Community Guidelines.

Details: